000 00288nam a22001337a 4500
008 170522b xxu||||| |||| 00| 0 eng d
020 _a9780415925174
041 _aeng
080 _23RD
_a94
100 _a16
101 _aSHH
245 _aUNEQUAL SISTERS
_cRUIZ, V.L
942 _2udc
_cBK
999 _c13690
_d13690